000 00200nam a22000857a 4500
008 170619b xxu||||| |||| 00| 0 eng d
100 _93510
_aLablanc. A
245 _aSnow Treassure
260 _aU. S. A
_c1942
999 _c6894
_d6894